| 000 | 00546nam a22002057a 4500 | ||
|---|---|---|---|
| 003 | OSt | ||
| 005 | 20140310181746.0 | ||
| 008 | 130622t xxu||||| |||| 00| 0 eng d | ||
| 020 | _a9718796193 | ||
| 050 |
_aPL 679 _b.N532 1996 |
||
| 082 |
_aIB 495.6321 _bN44 1996 |
||
| 245 | _aNew English-Japanese Japanese-English dictionary | ||
| 260 |
_aPasig City, Philippines _bPersian Gulf Publication _c1996 |
||
| 300 |
_a 714 p. _c16 cm |
||
| 521 | _aIB Students | ||
| 541 | _j1 | ||
| 541 | _j2 | ||
| 562 | _e2 | ||
| 942 |
_2lcc _cBK _kIB |
||
| 999 |
_c3000 _d3000 |
||